[Event "Groseko Udaberriko V. Txapelke"]
[Site "Donostia-San Sebastián"]
[Date "2009.05.23"]
[Round "3.1"]
[White "Miguelez Garcia, Erlantz"]
[Black "Segovia Sanchez, Antonio"]
[Result "1/2-1/2"]
[WhiteElo "1912"]
[BlackElo "2018"]
[PlyCount "53"]
[EventDate "2009.05.09"]
[EventRounds "7"]
[EventCountry "ESP"]

1. e4 d5 2. exd5 Qxd5 3. Nc3 Qa5 4. Nf3 Nf6 5. d4 c6 6. Bc4 Bg4 7. h3 Bh5 8. g4
Bg6 9. Ne5 e6 10. h4 Nbd7 11. Nxd7 Nxd7 12. Bd2 h6 13. Nd5 Qd8 14. Nf4 Be4 15.
f3 Nb6 16. Bb3 Bd5 17. Nxd5 cxd5 18. Qe2 Be7 19. O-O-O Qc7 20. Qb5+ Qd7 21.
Qxd7+ Kxd7 22. g5 hxg5 23. hxg5 Rac8 24. c3 a6 25. Bc2 Nc4 26. Bf4 Bd6 27. Bxd6
1/2-1/2

[Event "Groseko Udaberriko V. Txapelke"]
[Site "Donostia-San Sebastián"]
[Date "2009.05.23"]
[Round "3.1"]
[White "Cantabrana Garona, Alejandro"]
[Black "Tholey, Jean-Paul"]
[Result "0-1"]
[WhiteElo "1828"]
[BlackElo "2004"]
[PlyCount "70"]
[EventDate "2009.05.09"]
[EventRounds "7"]
[EventCountry "ESP"]

1. c4 Nf6 2. g3 e5 3. Bg2 Be7 4. Nf3 d6 5. d4 Nbd7 6. e3 c6 7. O-O Qc7 8. Nc3
O-O 9. b3 Re8 10. Bb2 Bf8 11. Rc1 a6 12. h3 Rb8 13. a4 b6 14. g4 g6 15. Rc2 Bg7
16. b4 Bb7 17. g5 Nh5 18. d5 c5 19. b5 a5 20. e4 Re7 21. Ne2 Rf8 22. Ng3 Nf4
23. Nh4 Bc8 24. Ne2 Nxg2 25. Kxg2 f6 26. f4 exf4 27. Nxf4 Ne5 28. Bxe5 Rxe5 29.
Nf3 Rxe4 30. Nd3 Qd7 31. Nf2 Rf4 32. Ng4 Rxg4+ 33. hxg4 Qxg4+ 34. Kh1 Bf5 35.
Nh2 Be4+ 0-1

[Event "Groseko Udaberriko V. Txapelke"]
[Site "Donostia-San Sebastián"]
[Date "2009.05.23"]
[Round "3.1"]
[White "Olabe Odriozola, Eduardo"]
[Black "Argandona Riveiro, Jon"]
[Result "1-0"]
[WhiteElo "1738"]
[BlackElo "1991"]
[PlyCount "71"]
[EventDate "2009.05.09"]
[EventRounds "7"]
[EventCountry "ESP"]

1. e4 d6 2. Nc3 e5 3. Bc4 Nf6 4. d3 Be7 5. f4 O-O 6. Nf3 Nbd7 7. O-O c6 8. a4
b6 9. Qe1 a6 10. h3 Nh5 11. f5 Rb8 12. g4 Nf4 13. Bxf4 exf4 14. Qd2 b5 15. axb5
axb5 16. Ba2 Qb6+ 17. Kh1 b4 18. Na4 Qe3 19. Qxe3 fxe3 20. Rae1 Ra8 21. Bb3 Ba6
22. Ra1 Bb5 23. g5 e2 24. Rg1 Kh8 25. h4 Ra6 26. Ra2 Rfa8 27. Rga1 Ne5 28. Ne1
h6 29. Kg2 hxg5 30. hxg5 Bxg5 31. Kf2 Bh4+ 32. Kxe2 Bxe1 33. Kxe1 Nf3+ 34. Kf2
Nd4 35. Bxf7 g5 36. f6 1-0

[Event "Groseko Udaberriko V. Txapelke"]
[Site "Donostia-San Sebastián"]
[Date "2009.05.23"]
[Round "3.1"]
[White "Moreno Romero, Ernesto"]
[Black "Olmo Vega, Diego"]
[Result "0-1"]
[WhiteElo "1754"]
[BlackElo "1992"]
[PlyCount "88"]
[EventDate "2009.05.09"]
[EventRounds "7"]
[EventCountry "ESP"]

1. d4 Nf6 2. Bf4 g6 3. Nf3 Bg7 4. e3 O-O 5. Bd3 d6 6. O-O Nbd7 7. c4 c6 8. Nc3
a6 9. Rc1 b5 10. cxb5 axb5 11. a3 Nh5 12. Bg5 Re8 13. Qc2 Bb7 14. Be4 Nhf6 15.
Bd3 h6 16. Bh4 g5 17. Bg3 Nh5 18. Nd2 Qb6 19. f4 gxf4 20. Bxf4 Nxf4 21. Rxf4 e5
22. Rg4 h5 23. Rxg7+ Kxg7 24. Nf3 Nf6 25. h3 Bc8 26. Ne4 Nxe4 27. Bxe4 d5 28.
Ng5 Qd8 29. Nxf7 Kxf7 30. Bg6+ Kg7 31. Bxe8 Qxe8 32. Qxc6 Qxc6 33. Rxc6 exd4
34. exd4 Bf5 35. Rc5 Be4 36. Rxb5 Ra4 37. Rb4 Rxb4 38. axb4 Bf5 39. h4 Kf6 40.
Kf2 Bd7 41. Kf3 Kf5 42. Ke3 Kg4 43. b3 Kg3 44. b5 Bxb5 0-1

[Event "Groseko Udaberriko V. Txapelke"]
[Site "Donostia-San Sebastián"]
[Date "2009.05.23"]
[Round "3.1"]
[White "Izquierdo Arruferia, Joseba"]
[Black "Bello Castano, Diego"]
[Result "1/2-1/2"]
[WhiteElo "1768"]
[BlackElo "1916"]
[PlyCount "85"]
[EventDate "2009.05.09"]
[EventRounds "7"]
[EventCountry "ESP"]

1. e4 c6 2. d4 d5 3. exd5 cxd5 4. Bd3 Nf6 5. Bf4 Bg4 6. f3 Bd7 7. c3 Nc6 8. Ne2
Rc8 9. O-O e6 10. Nd2 Be7 11. Rc1 O-O 12. Bg3 a6 13. a3 Na5 14. Re1 Nc4 15.
Nxc4 dxc4 16. Bc2 Bc6 17. Nf4 Qb6 18. Rb1 Rfd8 19. Qe2 Bd5 20. Kh1 Qc6 21. Be4
b5 22. Nxd5 Nxd5 23. f4 Bd6 24. Qf3 Qc7 25. Bh4 Re8 26. f5 Nf4 27. fxe6 Nxe6
28. Bf5 Rb8 29. Rf1 a5 30. Rbe1 Nf8 31. Be4 Ng6 32. Bxg6 hxg6 33. Bf2 b4 34.
axb4 axb4 35. g3 b3 36. Kg2 Kf8 37. Be3 Qb7 38. Qxb7 Rxb7 39. Bf4 Bxf4 40.
Rxe8+ Kxe8 41. Rxf4 Ke7 42. Re4+ Kd6 43. Kf2 1/2-1/2

[Event "Groseko Udaberriko V. Txapelke"]
[Site "Donostia-San Sebastián"]
[Date "2009.05.30"]
[Round "4.1"]
[White "Tholey, Jean-Paul"]
[Black "Argandona Riveiro, Inigo"]
[Result "0-1"]
[WhiteElo "2004"]
[BlackElo "2371"]
[PlyCount "120"]
[EventDate "2009.05.09"]
[EventRounds "7"]
[EventCountry "ESP"]

1. d4 g6 2. c4 Bg7 3. Nc3 d6 4. e4 Nc6 5. Be3 e5 6. Nge2 Nh6 7. d5 Ne7 8. f3 f5
9. Qd2 Nf7 10. Nc1 h5 11. b4 Bh6 12. Nb3 Bxe3 13. Qxe3 f4 14. Qd2 g5 15. Be2 g4
16. O-O-O b6 17. c5 a5 18. cxd6 cxd6 19. Bb5+ Kf8 20. bxa5 bxa5 21. a4 Qb6 22.
Kb2 Ng5 23. Qe2 Ng6 24. Ka2 Nh4 25. Bc6 gxf3 26. gxf3 Ba6 27. Nb5 Ra7 28. Nd2
Rg7 29. Nc4 Qc5 30. Rc1 Ngxf3 31. Nxe5 Qb4 32. Rc4 Qd2+ 33. Qxd2 Nxd2 34. Rd4
Rg2 35. Nd7+ Ke7 36. Ka3 Nhf3 37. Rd3 Nc4+ 38. Kb3 Nfe5 39. Nxe5 Nxe5 40. Rc3
f3 41. Nd4 f2 42. Nf5+ Kf6 43. Bb5 Rb8 44. Nd4 Rg1 45. Rc1 Bxb5 46. axb5 Rbg8
47. Rf1 Rxh1 48. Rxf2+ Ke7 49. Nf5+ Kd7 50. Ng3 a4+ 51. Ka2 Rg1 52. Nxh5 R8g2
53. Rxg2 Rxg2+ 54. Ka3 Rxh2 55. Ng7 Nc4+ 56. Kxa4 Rb2 57. Nf5 Kc7 58. Nd4 Kb6
59. Nb3 Rb1 60. Kb4 Na5 0-1

[Event "Groseko Udaberriko V. Txapelke"]
[Site "Donostia-San Sebastián"]
[Date "2009.05.30"]
[Round "4.1"]
[White "Segura Del Frago, Imanol"]
[Black "Galarza Cenzano, Inigo"]
[Result "1/2-1/2"]
[WhiteElo "1938"]
[BlackElo "2037"]
[PlyCount "65"]
[EventDate "2009.05.09"]
[EventRounds "7"]
[EventCountry "ESP"]

1. e4 c5 2. Nf3 Nc6 3. Bc4 g6 4. O-O Bg7 5. c3 d6 6. Qe2 Nf6 7. e5 Nxe5 8. Nxe5
dxe5 9. Qxe5 Qd6 10. Qxd6 exd6 11. Re1+ Kf8 12. d4 d5 13. Bb3 c4 14. Bc2 Bf5
15. Bxf5 gxf5 16. b3 cxb3 17. axb3 a6 18. f3 h6 19. Ba3+ Kg8 20. Re7 b5 21. Bc5
Bf8 22. Rc7 Bxc5 23. Rxc5 Kg7 24. Rc6 Rhe8 25. Kf2 Re6 26. Rxe6 fxe6 27. Ra5
Ne8 28. Ke3 Kf6 29. Na3 Nd6 30. Nc2 Nb7 31. Ra1 a5 32. Kd3 f4 33. Ra2 1/2-1/2

[Event "Groseko Udaberriko V. Txapelke"]
[Site "Donostia-San Sebastián"]
[Date "2009.05.30"]
[Round "4.1"]
[White "Segovia Sanchez, Antonio"]
[Black "Fernandez Zubitur, Jokin"]
[Result "1-0"]
[WhiteElo "2018"]
[BlackElo "1811"]
[PlyCount "107"]
[EventDate "2009.05.09"]
[EventRounds "7"]
[EventCountry "ESP"]

1. d4 d5 2. Nf3 Nf6 3. Bf4 Bf5 4. e3 h6 5. Ne5 Nbd7 6. c4 e6 7. Qb3 c6 8. Nc3
Qb6 9. c5 Qxb3 10. axb3 Nxe5 11. Bxe5 Nd7 12. Bg3 f6 13. Kd2 h5 14. h3 g5 15.
Bd3 Bxd3 16. Kxd3 e5 17. b4 Bg7 18. b5 f5 19. Ra2 f4 20. Bh2 O-O 21. Rha1 fxe3
22. fxe3 Rf2 23. Rxa7 e4+ 24. Nxe4 dxe4+ 25. Kxe4 Nf6+ 26. Kd3 Rxa7 27. Rxa7
cxb5 28. Rxb7 Rxb2 29. c6 Nd5 30. Ke4 Nc3+ 31. Kf5 Rf2+ 32. Ke6 Rf6+ 33. Kd7
Rf7+ 34. Kd6 Rf6+ 35. Kc5 Bf8+ 36. Kb6 b4 37. Kc7 Rf7+ 38. Kd8 Nd5 39. e4 Be7+
40. Kd7 Nb6+ 41. Ke6 Rf6+ 42. Kxe7 Rxc6 43. d5 Rg6 44. Be5 Nc8+ 45. Kd7 Nb6+
46. Ke7 Nc8+ 47. Ke8 g4 48. Rxb4 gxh3 49. gxh3 Rg5 50. Bf4 Rg7 51. e5 Ne7 52.
d6 Nd5 53. Rd4 Nb6 54. e6 1-0

[Event "Groseko Udaberriko V. Txapelke"]
[Site "Donostia-San Sebastián"]
[Date "2009.05.30"]
[Round "4.1"]
[White "Etxaurren Gavina, Asier"]
[Black "Markina Amutxastegi, Fernando"]
[Result "0-1"]
[WhiteElo "1998"]
[BlackElo "1808"]
[PlyCount "92"]
[EventDate "2009.05.09"]
[EventRounds "7"]
[EventCountry "ESP"]

1. d4 Nf6 2. Nf3 g6 3. g3 d5 4. Bg2 Bg7 5. O-O O-O 6. a4 b6 7. c3 Bb7 8. Nbd2
Nbd7 9. b4 c5 10. Ba3 Rc8 11. Rc1 Re8 12. Qb3 c4 13. Qc2 Qc7 14. Rfe1 e5 15.
dxe5 Nxe5 16. Nd4 a6 17. b5 a5 18. Rcd1 Ned7 19. Bc1 Nc5 20. N2f3 Nfe4 21. Bf4
Qe7 22. Nd2 Nxd2 23. Bxd2 Ne4 24. Be3 h5 25. Qc1 Qf6 26. Bh3 Ra8 27. f3 Nc5 28.
Bg5 Qd6 29. Qc2 Bc8 30. Bg2 Ne6 31. Nxe6 Bxe6 32. e4 Qa3 33. Bd2 d4 34. cxd4
Bxd4+ 35. Kh1 Qc5 36. Bc3 Rad8 37. f4 Bg4 38. Rxd4 Rxd4 39. Bxd4 Qxd4 40. Rc1
Rc8 41. Qc3 Qxc3 42. Rxc3 Be2 43. Kg1 Rd8 44. Rc1 Rd1+ 45. Rxd1 Bxd1 46. Bf1 c3
0-1

[Event "Groseko Udaberriko V. Txapelke"]
[Site "Donostia-San Sebastián"]
[Date "2009.05.30"]
[Round "4.1"]
[White "Rodriguez Cabrera, Fco  Javier"]
[Black "Jimenez Crespo, Inigo"]
[Result "1-0"]
[WhiteElo "1894"]
[BlackElo "1940"]
[PlyCount "57"]
[EventDate "2009.05.09"]
[EventRounds "7"]
[EventCountry "ESP"]

1. e4 g6 2. d4 Bg7 3. Nc3 d6 4. Be3 Nf6 5. f3 O-O 6. Qd2 e5 7. Nge2 Nbd7 8.
O-O-O c6 9. g4 b5 10. Ng3 Qc7 11. h4 Nb6 12. dxe5 dxe5 13. h5 b4 14. Nb1 Be6
15. hxg6 fxg6 16. Qh2 Bh8 17. g5 Ne8 18. Bc5 Rf7 19. Bh3 Bxh3 20. Qxh3 a5 21.
Qe6 Nd7 22. Rxh7 Nxc5 23. Rdh1 Bg7 24. Qxg6 Kf8 25. Nf5 Rxf5 26. exf5 e4 27. f6
Qf4+ 28. Nd2 Bxf6 29. Qf7# 1-0

[Event "Groseko Udaberriko V. Txapelke"]
[Site "Donostia-San Sebastián"]
[Date "2009.05.30"]
[Round "4.1"]
[White "Sampedro Garcia, Jose Luis"]
[Black "Tung, Kai Ming"]
[Result "0-1"]
[WhiteElo "1882"]
[BlackElo "1924"]
[PlyCount "156"]
[EventDate "2009.05.09"]
[EventRounds "7"]
[EventCountry "ESP"]

1. d4 e6 2. c4 b6 3. a3 Bb7 4. d5 Nf6 5. Nc3 Bd6 6. Nf3 O-O 7. g3 Re8 8. Bg2 e5
9. e4 Bf8 10. O-O d6 11. Nh4 Bc8 12. Qf3 h6 13. Nf5 Bxf5 14. Qxf5 Qc8 15. Qf3
Qg4 16. Qd3 Nbd7 17. b4 a6 18. Nd1 Qg6 19. Bh3 Qh7 20. Bf5 g6 21. Bh3 h5 22.
Qe3 Ng4 23. Qf3 Ngf6 24. Bg5 Be7 25. Nc3 Qg7 26. a4 Nh7 27. Be3 Red8 28. Qe2
Bg5 29. Rac1 Bxe3 30. Qxe3 Nhf6 31. f4 Rf8 32. fxe5 Nxe5 33. Qg5 Nfg4 34. Ne2
Qh6 35. Qxh6 Nxh6 36. Nd4 Rad8 37. Bg2 Nhg4 38. Rfd1 Rd7 39. Rc3 Nf6 40. Rf1
Rdd8 41. Rf4 Rfe8 42. h3 Nfd7 43. Nc6 Nxc6 44. dxc6 Ne5 45. c5 bxc5 46. bxc5
dxc5 47. Rxc5 Nd3 48. Ra5 Nxf4 49. gxf4 Ra8 50. Kf2 Red8 51. Ke3 Rdb8 52. h4
Rb6 53. e5 Kf8 54. Rd5 Rb3+ 55. Ke4 Rb4+ 56. Ke3 Rxa4 57. Rd7 Rb8 58. Bd5 Ra3+
59. Kd4 Rb4+ 60. Kc5 Rb5+ 61. Kd4 Ra4+ 62. Ke3 Rxd5 63. Rxd5 Rc4 64. Rd8+ Kg7
65. e6 fxe6 66. Rd7+ Kf6 67. Rxc7 a5 68. Rc8 Ke7 69. c7 Kd7 70. Ra8 Rxc7 71.
Rxa5 Ke7 72. Rg5 Kf6 73. Kf3 Rc3+ 74. Kg2 Rd3 75. Re5 Rd5 76. Rxd5 exd5 77. Kf3
Kf5 78. Kg3 Ke4 0-1

[Event "Groseko Udaberriko V. Txapelke"]
[Site "Donostia-San Sebastián"]
[Date "2009.05.30"]
[Round "4.1"]
[White "Lakunza Oyarbide, Juan Carlos"]
[Black "Carazo Paul, Jose Maria"]
[Result "1-0"]
[WhiteElo "2158"]
[BlackElo "1780"]
[PlyCount "51"]
[EventDate "2009.05.09"]
[EventRounds "7"]
[EventCountry "ESP"]

1. d4 e6 2. c4 Nf6 3. Nf3 Be7 4. g3 c6 5. Bg2 O-O 6. O-O d6 7. Nc3 Nbd7 8. e4
Qc7 9. Qe2 h6 10. h3 b6 11. e5 dxe5 12. dxe5 Nh7 13. h4 Rb8 14. Bf4 Ba6 15. Nd4
Bb7 16. Rad1 a6 17. Rfe1 Qc8 18. Qg4 g5 19. hxg5 hxg5 20. Be4 f5 21. exf6 Ndxf6
22. Bxh7+ Nxh7 23. Bxb8 Qxb8 24. Qxe6+ Rf7 25. Nf5 Bf8 26. Rd7 1-0

[Event "Groseko Udaberriko V. Txapelke"]
[Site "Donostia-San Sebastián"]
[Date "2009.06.06"]
[Round "5.1"]
[White "Rodriguez Cabrera, Fco  Javier"]
[Black "Olmo Vega, Diego"]
[Result "0-1"]
[WhiteElo "1894"]
[BlackElo "1992"]
[PlyCount "102"]
[EventDate "2009.05.09"]
[EventRounds "7"]
[EventCountry "ESP"]

1. e4 c5 2. Nf3 Nc6 3. d4 cxd4 4. Nxd4 Nf6 5. Nc3 e5 6. Ndb5 d6 7. Bg5 a6 8.
Na3 b5 9. Nd5 Be7 10. Bxf6 Bxf6 11. c3 O-O 12. Nc2 Bg5 13. h4 Bh6 14. g4 Bf4
15. g5 Be6 16. Bh3 Bxd5 17. Qxd5 Ne7 18. Qd3 d5 19. Rd1 dxe4 20. Qxe4 Qb6 21.
Rd7 Qg6 22. Qxg6 Nxg6 23. h5 Nh4 24. Ke2 Bxg5 25. Rhd1 Rfd8 26. Rxd8+ Rxd8 27.
Rxd8+ Bxd8 28. Bc8 a5 29. Bd7 Ng2 30. Kf3 Nf4 31. Bxb5 Nxh5 32. Ke4 f6 33. b4
Nf4 34. Ne3 Kf7 35. Nc4 axb4 36. cxb4 Be7 37. a3 Ke6 38. Ne3 g6 39. Bc4+ Kd6
40. Kf3 Kc6 41. Ke4 Bd6 42. Kf3 f5 43. Nf1 h5 44. Bf7 Kb5 45. Nd2 Bc7 46. Be8+
Ka6 47. b5+ Kb7 48. a4 h4 49. Bc6+ Kb8 50. Ke3 Bb6+ 51. Kf3 g5 0-1

[Event "Groseko Udaberriko V. Txapelke"]
[Site "Donostia-San Sebastián"]
[Date "2009.06.06"]
[Round "5.1"]
[White "Markina Amutxastegi, Fernando"]
[Black "Segura Del Frago, Imanol"]
[Result "0-1"]
[WhiteElo "1808"]
[BlackElo "1938"]
[PlyCount "42"]
[EventDate "2009.05.09"]
[EventRounds "7"]
[EventCountry "ESP"]

1. e4 c5 2. Nc3 e6 3. d3 d5 4. e5 Nc6 5. f4 Nge7 6. Nf3 Nf5 7. g3 b5 8. a3 Qb6
9. Bg2 a5 10. b3 Ba6 11. Bd2 Be7 12. Ne2 O-O 13. c3 f6 14. g4 Nh6 15. h3 Nf7
16. d4 cxd4 17. Nexd4 Nxd4 18. cxd4 fxe5 19. fxe5 b4 20. a4 Qxd4 21. Qc2 Qxa1+
0-1

[Event "Groseko Udaberriko V. Txapelke"]
[Site "Donostia-San Sebastián"]
[Date "2009.06.06"]
[Round "5.1"]
[White "Tung, Kai Ming"]
[Black "Olabe Odriozola, Eduardo"]
[Result "1-0"]
[WhiteElo "1924"]
[BlackElo "1738"]
[PlyCount "65"]
[EventDate "2009.05.09"]
[EventRounds "7"]
[EventCountry "ESP"]

1. e4 e5 2. Bc4 d6 3. Nf3 Be7 4. Nc3 Nf6 5. O-O O-O 6. d4 exd4 7. Nxd4 c6 8.
Bd3 b5 9. b4 a5 10. bxa5 b4 11. Nce2 c5 12. Nf5 Bxf5 13. exf5 d5 14. c4 bxc3
15. Nxc3 c4 16. Bc2 Qxa5 17. Ne2 Nc6 18. Bd2 Qc5 19. Ba4 Nd4 20. Ng3 Qa3 21.
Be3 Nf3+ 22. Qxf3 Rxa4 23. Qd1 Rfa8 24. Bd4 R4a5 25. Re1 Bb4 26. Re3 Qa4 27.
Qe2 Bc5 28. Bxf6 Bxe3 29. Qg4 Bxf2+ 30. Kxf2 Qc2+ 31. Kg1 g6 32. fxg6 hxg6 33.
Qh4 1-0

[Event "Groseko Udaberriko V. Txapelke"]
[Site "Donostia-San Sebastián"]
[Date "2009.06.06"]
[Round "5.1"]
[White "Sanz Perez, Eduardo"]
[Black "Tholey, Jean-Paul"]
[Result "1-0"]
[WhiteElo "2177"]
[BlackElo "2004"]
[PlyCount "78"]
[EventDate "2009.05.09"]
[EventRounds "7"]
[EventCountry "ESP"]

1. f4 Nf6 2. Nf3 d5 3. e3 Bg4 4. h3 Bxf3 5. Qxf3 e6 6. b3 Nbd7 7. Bb2 c6 8. Be2
Qc7 9. O-O O-O-O 10. c4 e5 11. fxe5 Nxe5 12. Qg3 Re8 13. cxd5 Nxd5 14. Bxe5
Rxe5 15. Rxf7 Qxf7 16. Qxe5 Nf6 17. Nc3 Qc7 18. Qd4 Kb8 19. Rc1 Qd6 20. Qxd6+
Bxd6 21. Bf3 Rd8 22. Kf2 Ba3 23. Rc2 h5 24. Ne2 g5 25. Nd4 g4 26. Bxc6 Rxd4 27.
exd4 bxc6 28. Rxc6 gxh3 29. gxh3 Nd5 30. Rh6 Bb2 31. Rxh5 Bxd4+ 32. Kf3 Nf6 33.
Rh4 Bb2 34. Rc4 Kb7 35. Kf4 Nd7 36. Kf5 Ne5 37. Rc2 Ba1 38. Ke4 Nc6 39. h4 Kc7
1-0

[Event "Groseko Udaberriko V. Txapelke"]
[Site "Donostia-San Sebastián"]
[Date "2009.06.06"]
[Round "5.1"]
[White "Etxagibel Larranaga, Asier"]
[Black "Lakunza Oyarbide, Juan Carlos"]
[Result "1-0"]
[WhiteElo "1904"]
[BlackElo "2158"]
[PlyCount "79"]
[EventDate "2009.05.09"]
[EventRounds "7"]
[EventCountry "ESP"]

1. d4 Nf6 2. Nf3 d5 3. c4 e6 4. g3 dxc4 5. Bg2 a6 6. Ne5 c5 7. Nxc4 cxd4 8. Bf4
Nd5 9. O-O Nc6 10. Ne5 Qb6 11. Nd2 Nxf4 12. gxf4 Nxe5 13. fxe5 Bd7 14. Nc4 Qa7
15. Na5 Rb8 16. Rc1 Bc5 17. Nxb7 Bb6 18. Nd6+ Ke7 19. Qd2 d3 20. Qg5+ Kf8 21.
exd3 Bd8 22. Qf4 f5 23. Rc2 g5 24. Qc4 h6 25. b4 Rh7 26. Qc5 Bb6 27. Qc4 Re7
28. Qb3 Bd4 29. Re1 Qb6 30. a3 Bxe5 31. Nc4 Bxh2+ 32. Kxh2 Qd4 33. Qc3 Qf4+ 34.
Kg1 Rg7 35. Qe5 Qxe5 36. Nxe5 Ba4 37. Rc5 Bb5 38. Bc6 Ra7 39. Bxb5 axb5 40. Nc6
1-0

[Event "Groseko Udaberriko V. Txapelke"]
[Site "Donostia-San Sebastián"]
[Date "2009.06.06"]
[Round "5.1"]
[White "Galarza Cenzano, Inigo"]
[Black "Argandona Riveiro, Jon"]
[Result "0-1"]
[WhiteElo "2037"]
[BlackElo "1991"]
[PlyCount "77"]
[EventDate "2009.05.09"]
[EventRounds "7"]
[EventCountry "ESP"]

1. e4 d6 2. f4 Nf6 3. Nc3 e5 4. Bc4 Be7 5. d3 Nc6 6. Nf3 exf4 7. Bxf4 Bg4 8. d4
O-O 9. Bb3 Re8 10. O-O h6 11. Bg3 Bf8 12. e5 dxe5 13. dxe5 Qxd1 14. Raxd1 Bc5+
15. Kh1 Bxf3 16. Rxf3 Nxe5 17. Rf5 Bd6 18. Nb5 Rad8 19. Bh4 Neg4 20. Nxd6 cxd6
21. Rf3 Re2 22. h3 Ne3 23. Bxf6 gxf6 24. Rd3 Re1+ 25. Kh2 Nf1+ 26. Kg1 Nd2+ 27.
Kf2 Nxf3 28. Rxf3 Rde8 29. Rxf6 R8e2+ 30. Kg3 Re7 31. Rxd6 Kg7 32. Rd4 R1e4 33.
Rd1 Re3+ 34. Kh2 Re2 35. Rd3 f5 36. Rg3+ Kf6 37. Rg8 Rg7 38. Rf8+ Ke7 39. Rxf5
0-1

[Event "Groseko Udaberriko V. Txapelke"]
[Site "Donostia-San Sebastián"]
[Date "2009.06.06"]
[Round "5.1"]
[White "Urretavizcaya Merino, Asier"]
[Black "Riesco Lecuona, Juan Manuel"]
[Result "1-0"]
[WhiteElo "2028"]
[BlackElo "1974"]
[PlyCount "69"]
[EventDate "2009.05.09"]
[EventRounds "7"]
[EventCountry "ESP"]

1. Nf3 c5 2. c4 d6 3. Nc3 Nc6 4. g3 Nf6 5. Bg2 e6 6. O-O Be7 7. Rb1 O-O 8. a3
d5 9. cxd5 exd5 10. d4 c4 11. Ne5 Bf5 12. e4 Nxe4 13. Nxe4 Bxe4 14. Bxe4 Nxe5
15. Bxh7+ Kxh7 16. dxe5 Qd7 17. Be3 Rad8 18. Bd4 Rh8 19. f4 Kg8 20. f5 Qc6 21.
Rf4 Bc5 22. Qd2 b5 23. Rg4 Bxd4+ 24. Qxd4 Qh6 25. h4 a5 26. Rf1 Rh7 27. e6 fxe6
28. Rg6 Qh5 29. Rxe6 Qf7 30. Rf4 b4 31. Qe5 c3 32. bxc3 bxa3 33. Ra4 Qa7+ 34.
Kg2 Qa8 35. Rxa5 1-0

[Event "Groseko Udaberriko V. Txapelke"]
[Site "Donostia-San Sebastián"]
[Date "2009.06.13"]
[Round "6.1"]
[White "Olmo Vega, Diego"]
[Black "Argandona Riveiro, Inigo"]
[Result "0-1"]
[WhiteElo "1992"]
[BlackElo "2371"]
[PlyCount "62"]
[EventDate "2009.05.09"]
[EventRounds "7"]
[EventCountry "ESP"]

1. e4 e5 2. Nf3 d6 3. d4 exd4 4. Nxd4 Nf6 5. Nc3 Be7 6. Bc4 O-O 7. Bb3 c5 8.
Nde2 Nc6 9. O-O Rb8 10. f3 b5 11. Bd5 Nb4 12. Nf4 g5 13. a3 Na6 14. Nd3 b4 15.
Nb1 Nxd5 16. exd5 Nc7 17. c4 bxc3 18. Nxc3 f5 19. f4 g4 20. Qa4 Bf6 21. Rd1 Bd7
22. Qc4 Nb5 23. a4 Nd4 24. Rb1 Rb3 25. Be3 Rxc3 26. bxc3 Ne2+ 27. Kh1 Nxc3 28.
Rdc1 Nxb1 29. Rxb1 Qe8 30. Bg1 Bxa4 31. Qa6 Bc2 0-1

[Event "Groseko Udaberriko V. Txapelke"]
[Site "Donostia-San Sebastián"]
[Date "2009.06.13"]
[Round "6.1"]
[White "Segura Del Frago, Imanol"]
[Black "Tung, Kai Ming"]
[Result "0-1"]
[WhiteElo "1938"]
[BlackElo "1924"]
[PlyCount "104"]
[EventDate "2009.05.09"]
[EventRounds "7"]
[EventCountry "ESP"]

1. e4 e6 2. d4 d5 3. e5 c5 4. c3 Nc6 5. Nf3 Qb6 6. a3 Bd7 7. b4 cxd4 8. cxd4
Nge7 9. Nc3 a6 10. Na4 Qa7 11. Nc5 h6 12. Bd3 g5 13. Be3 Bg7 14. O-O Rd8 15.
Rc1 Nf5 16. h3 Nce7 17. a4 O-O 18. Qb3 f6 19. exf6 Bxf6 20. b5 axb5 21. Nxd7
Rxd7 22. Bxb5 Rd6 23. Qb4 Nc6 24. Qa3 Rfd8 25. Bxc6 Rxc6 26. Rxc6 bxc6 27. Rc1
Qb7 28. Qc5 Ne7 29. Ne5 Bxe5 30. dxe5 Kf7 31. a5 Ra8 32. Qb6 Qxb6 33. axb6 Rb8
34. Kf1 Ke8 35. Bc5 Nc8 36. Ke2 Kd7 37. Kf3 Rb7 38. Kg4 Nxb6 39. Rb1 Kc7 40.
Kh5 Nd7 41. Bd6+ Kc8 42. Rxb7 Kxb7 43. Kxh6 d4 44. Bb4 c5 45. Bd2 c4 46. Kxg5
c3 47. Be1 Nxe5 48. h4 Nd3 49. h5 Nxe1 50. h6 c2 51. h7 c1=Q+ 52. Kg6 Qc2+ 0-1

[Event "Groseko Udaberriko V. Txapelke"]
[Site "Donostia-San Sebastián"]
[Date "2009.06.13"]
[Round "6.1"]
[White "Torres, Patrice"]
[Black "Sanz Perez, Eduardo"]
[Result "0-1"]
[WhiteElo "2011"]
[BlackElo "2177"]
[PlyCount "68"]
[EventDate "2009.05.09"]
[EventRounds "7"]
[EventCountry "ESP"]

1. d4 e6 2. c4 Nf6 3. Nf3 c5 4. d5 b5 5. Bg5 h6 6. Bxf6 Qxf6 7. e4 Qxb2 8. Nbd2
d6 9. cxb5 exd5 10. exd5 Bf5 11. Bc4 Be7 12. a4 Nd7 13. O-O O-O 14. Re1 Rfe8
15. Re3 Bf6 16. Ra2 Qb4 17. Rb3 Qa5 18. Bf1 Nb6 19. Nc4 Nxc4 20. Bxc4 Re7 21.
Qd2 Qxd2 22. Rxd2 Rae8 23. a5 Bg4 24. b6 axb6 25. Rxb6 Bc3 26. Rd1 Bxa5 27.
Rxd6 Re4 28. Bb5 Rb8 29. Bd3 Bxf3 30. gxf3 Rd4 31. Kg2 Kf8 32. Rc6 Rxd5 33. Ra1
Bc3 34. Bc4 Rg5+ 0-1

[Event "Groseko Udaberriko V. Txapelke"]
[Site "Donostia-San Sebastián"]
[Date "2009.06.13"]
[Round "6.1"]
[White "Argandona Riveiro, Jon"]
[Black "Urretavizcaya Merino, Asier"]
[Result "0-1"]
[WhiteElo "1991"]
[BlackElo "2028"]
[PlyCount "68"]
[EventDate "2009.05.09"]
[EventRounds "7"]
[EventCountry "ESP"]

1. e4 c5 2. Nf3 d6 3. d4 cxd4 4. Nxd4 Nf6 5. Nc3 a6 6. Be3 e5 7. Nb3 Be6 8. f3
Nbd7 9. Qd2 Rc8 10. Be2 b5 11. g4 Nb6 12. g5 Nfd7 13. Nd5 Bxd5 14. exd5 Nc4 15.
Bxc4 bxc4 16. Nc1 h6 17. Ne2 hxg5 18. Bxg5 Qb6 19. Rb1 Be7 20. Be3 Qb7 21. Nc3
Nf6 22. Rg1 Kf8 23. Qg2 Rh7 24. f4 exf4 25. Bxf4 Nh5 26. Be3 Bf6 27. Kd2 Re8
28. Qf3 Be5 29. Rg5 Nf6 30. Bf4 Bxc3+ 31. bxc3 Qxb1 32. Bxd6+ Kg8 33. Be5 Rxh2+
34. Ke3 Qc1+ 0-1

[Event "Groseko Udaberriko V. Txapelke"]
[Site "Donostia-San Sebastián"]
[Date "2009.06.13"]
[Round "6.1"]
[White "Segovia Sanchez, Antonio"]
[Black "Etxagibel Larranaga, Asier"]
[Result "0-1"]
[WhiteElo "2018"]
[BlackElo "1904"]
[PlyCount "130"]
[EventDate "2009.05.09"]
[EventRounds "7"]
[EventCountry "ESP"]

1. d4 Nf6 2. Bg5 d5 3. c3 e6 4. Nd2 Be7 5. e3 c5 6. Bd3 O-O 7. Ngf3 b6 8. Qe2
Bb7 9. Ne5 Nbd7 10. O-O Nxe5 11. dxe5 Nd7 12. Bxe7 Qxe7 13. f4 g6 14. e4 Rad8
15. Rae1 c4 16. Bc2 b5 17. Kh1 Nc5 18. f5 Qg5 19. Nf3 Qh6 20. exd5 Bxd5 21.
fxe6 Nxe6 22. Rd1 Bxf3 23. gxf3 Qh4 24. Qe3 Qf4 25. Qxf4 Nxf4 26. Rd4 Ne6 27.
Rd6 Rxd6 28. exd6 Rd8 29. Rd1 f5 30. a4 a6 31. Rd5 Kf7 32. axb5 axb5 33. Rxb5
Rxd6 34. Ba4 Rd2 35. Rb4 Nf4 36. Rxc4 g5 37. b4 Ra2 38. Bd1 Ra1 39. Rd4 Rc1 40.
Rd2 Rxc3 41. Kg1 Ke7 42. Kf2 Nd3+ 43. Ke3 Nxb4+ 44. Kd4 Rc7 45. Re2+ Kf6 46.
Bb3 Rd7+ 47. Kc5 Nd3+ 48. Kc6 Re7 49. Rd2 Ne5+ 50. Kc5 Nxf3 51. Rd6+ Kg7 52. h3
g4 53. hxg4 fxg4 54. Rd3 h5 55. Bd5 Ne5 56. Rd4 Kf6 57. Rf4+ Kg5 58. Rf8 Nd7+
59. Kd6 Nxf8 60. Kxe7 Ng6+ 61. Kd6 Nf4 62. Be4 g3 63. Ke5 g2 64. Bxg2 Nxg2 65.
Ke4 Kg4 0-1